000 00498nam a2200181Ia 4500
008 240729s9999 xx 000 0 und d
022 _a2090-3065
245 0 _aJournal of Pathogens
260 _aUnited Kingdom
260 _bHindawi Limited
650 _a Infectious and parasitic diseases | Science
650 _a Internal medicine
650 _a Microbiology
650 _aMedicine
856 _uhttps://doaj.org/toc/95a78aa21cdb4519860608937bd1d477
942 _2ddc
942 _cDOAJEJ
999 _c71777
_d71777
945 _a1
_bMadushi Gamage
_c1
_dMadushi Gamage